00386nam a2200145Ia 4500003000400000005001700004008004100021040001800062041000800080100005000088110001800138245002800156260002000184710003600204OSt20260303155533.0211028s2005 xx 000 0 und d cAIMIT LIBRARY aeng aThomas, Nishant George;Anand, Ambika.g299760 aAnand, Ambika aRepository management / aBangalorec2005 aHewlett Packard Global Soft LTD